The tale of squirrel nutkin

Сохранить в:
Библиографические подробности
Главный автор: Potter, Beatrix (Автор)
Формат:
Язык:английский
Опубликовано: Londres Penguin Books 1985
Серии:The Original Peter Rabbit Books, 2
Предметы:
Метки: Добавить метку
Нет меток, Требуется 1-ая метка записи!

MARC

LEADER 00000cam a2200000 a 4500
001 UCF8033
003 CL-VaPUC
008 130725e19850000UK |||||||||||||||||eng|d
020 |a 0723205930 
082 0 4 |a 823  |b POT  |2 21 
100 0 |a Potter, Beatrix  |e author  |9 570114 
245 1 4 |a The tale of squirrel nutkin 
300 |a 58 p 
942 |c BK 
945 |d 20130725 00:00:00  |a cmena 
260 |a Londres  |b Penguin Books  |c 1985 
650 0 |a Cuentos ingleses  |9 265135 
650 0 |a Literatura infantil   |9 307465 
583 |a last modification  |c 20130725 12:05:00  |k Rodrigo Vera 
490 0 |a The Original Peter Rabbit Books, 2 
999 |c 352717  |d 352715 
952 |0 0  |1 0  |4 0  |6 823_000000000000000_POT_1985  |7 0  |8 P  |9 457325  |a BIBEDU  |b BIBEDU  |c BIBEDU_PB  |d 2019-11-22  |i 4935373  |o 823 POT 1985  |p 4935373  |r 2024-01-25  |w 2019-11-22  |y BK  |k LIT